[Event "Wch FIDE Online U14 Girls Europe qual"]
[Site "Tornelo INT"]
[Date "2020.12.08"]
[Round "4"]
[White "Tran, Alva Ling"]
[Black "Norman, Kseniya"]
[Result "0-1"]
[WhiteElo "1570"]
[BlackElo "1496"]
[PlyCount "54"]
[EventDate "2020.12.07"]
[EventType "swiss (rapid)"]
[EventRounds "7"]
[EventCountry "ISS"]
[SourceTitle "EXT 2022"]
[Source "ChessBase"]
[SourceDate "2021.10.06"]
[SourceVersion "1"]
[SourceVersionDate "2021.10.06"]
[SourceQuality "1"]

1. e4 d5 2. exd5 Nf6 3. Bb5+ Bd7 4. Bc4 Bg4 5. f3 Bf5 6. Nc3 Nbd7 7. d4 Nb6 8. Bb5+ Bd7 9. Bxd7+ Qxd7 10. Nge2 Nbxd5 11. Ne4 0-0-0 12. c4 Nb6 13. Qc2 e5 14. c5 Nbd5 15. Bd2 exd4 16. Nxd4 Nb4 17. Bxb4 Qxd4 18. Bc3 Qe3+ 19. Qe2 Qxe2+ 20. Kxe2 Nxe4 21. fxe4 Bxc5 22. Bxg7 Rhg8 23. Bf6 Rxg2+ 24. Ke1 Rdd2 25. Rd1 Rde2+ 26. Kf1 Rgf2+ 27. Kg1 Rxf6+ 0-1

[Event "Wch FIDE Online U14 Girls Europe qual"]
[Site "Tornelo INT"]
[Date "2020.12.07"]
[Round "1"]
[White "Roebers, Eline"]
[Black "Tran, Alva Ling"]
[Result "1-0"]
[WhiteElo "2066"]
[BlackElo "1570"]
[PlyCount "41"]
[EventDate "2020.12.07"]
[EventType "swiss (rapid)"]
[EventRounds "7"]
[EventCountry "ISS"]
[SourceTitle "EXT 2022"]
[Source "ChessBase"]
[SourceDate "2021.10.06"]
[SourceVersion "1"]
[SourceVersionDate "2021.10.06"]
[SourceQuality "1"]

1. e4 c5 2. Nf3 e6 3. d4 cxd4 4. Nxd4 a6 5. Bd3 Nf6 6. Qe2 Nc6 7. Nxc6 dxc6 8. e5 Nd5 9. 0-0 Be7 10. f4 b5 11. Nd2 Qb6+ 12. Kh1 c5 13. c3 Bb7 14. f5 0-0-0 15. Nf3 c4 16. Be4 Bc5 17. Ng5 Rd7 18. Qg4 h6 19. fxe6 fxe6 20. Nxe6 Be3 21. Nf8 1-0

[Event "EU-ch U12 Girls"]
[Site "Bratislava"]
[Date "2019.08.03"]
[Round "2"]
[White "Havelkova, Beata"]
[Black "Tran, Alva Ling"]
[Result "0-1"]
[WhiteElo "1360"]
[BlackElo "1735"]
[PlyCount "162"]
[EventDate "2019.08.02"]
[EventType "swiss"]
[EventRounds "9"]
[EventCountry "SVK"]
[SourceTitle "EXT 2020"]
[Source "ChessBase"]
[SourceDate "2019.10.17"]
[SourceVersion "1"]
[SourceVersionDate "2019.10.17"]
[SourceQuality "1"]

1. e4 c5 2. c3 d5 3. exd5 Qxd5 4. d4 cxd4 5. cxd4 Nc6 6. Nf3 Bg4 7. Be2 e6 8. Nc3 Qa5 9. 0-0 Nf6 10. Be3 Be7 11. Qb3 Qc7 12. Rfd1 0-0 13. Rac1 Rfd8 14. d5 exd5 15. Nxd5 Nxd5 16. Rxd5 Be6 17. Rxd8+ Rxd8 18. Qc2 Qa5 19. a3 Bf6 20. Bd3 h6 21. Bd2 Qb6 22. Bc3 Bb3 23. Qe2 Nd4 24. Nxd4 Bxd4 25. Bxd4 Qxd4 26. Rc3 Ba4 27. h3 Re8 28. Qd2 Qe5 29. Rc1 Bc6 30. Bb1 Qe2 31. Qd4 g6 32. Ba2 Qe5 33. Qd2 Kg7 34. Rd1 Qe4 35. Bd5 Bxd5 36. Qxd5 Qxd5 37. Rxd5 Re1+ 38. Kh2 Re2 39. Rb5 b6 40. f3 Kf6 41. a4 Rc2 42. Kg3 Ke6 43. f4 Kd6 44. f5 g5 45. Kf3 f6 46. g4 Rc4 47. a5 Rc5 48. Rxc5 Kxc5 49. axb6 axb6 50. Ke4 Kc4 51. b3+ Kc5 52. Kd3 Kd5 53. Ke3 b5 54. Kd3 b4 55. Ke3 Ke5 56. Kd3 Kf4 57. Kc4 Kg3 58. Kxb4 Kxh3 59. Ka4 Kxg4 60. b4 Kxf5 61. b5 Ke6 62. Ka5 g4 63. b6 g3 64. b7 g2 65. b8Q g1Q 66. Qb3+ Kd6 67. Qd3+ Ke5 68. Qb5+ Kf4 69. Qb4+ Kg5 70. Qd2+ Kh5 71. Qe2+ Qg4 72. Qe8+ Kg5 73. Qg8+ Kh4 74. Qf8 Qg5+ 75. Kb6 f5 76. Qb4+ f4 77. Qe1+ Qg3 78. Qh1+ Qh3 79. Qe1+ Kg5 80. Qe5+ Qf5 81. Qe7+ Qf6+ 0-1

[Event "Stockholm Elo Challenge"]
[Site "Stockholm"]
[Date "2019.06.02"]
[Round "7"]
[White "Tran, Alva Ling"]
[Black "Isaksson, Max"]
[Result "1-0"]
[WhiteElo "1616"]
[BlackElo "1572"]
[PlyCount "90"]
[EventDate "2019.05.29"]
[EventType "swiss"]
[EventRounds "7"]
[EventCountry "SWE"]
[SourceTitle "CBM 190 Extra"]
[Source "ChessBase"]
[SourceDate "2019.07.15"]
[SourceVersion "1"]
[SourceVersionDate "2019.07.15"]
[SourceQuality "1"]

1. e4 e5 2. Nf3 Nc6 3. Bc4 Nf6 4. d3 Bc5 5. Nc3 d6 6. h3 h6 7. Be3 Bb6 8. d4 exd4 9. Nxd4 0-0 10. 0-0 Nxe4 11. Nxe4 d5 12. Nxc6 bxc6 13. Bxb6 cxb6 14. Bd3 dxe4 15. Bxe4 Qf6 16. c3 Ba6 17. Re1 Rad8 18. Qa4 Bb5 19. Qxa7 c5 20. Rad1 Rxd1 21. Rxd1 Rd8 22. Rxd8+ Qxd8 23. Qa8 Qxa8 24. Bxa8 Kf8 25. f4 Ke7 26. Kf2 Kd6 27. Ke3 f5 28. h4 Bd7 29. b4 c4 30. Kd4 b5 31. Bd5 Be8 32. g3 Bh5 33. Bb7 Bd1 34. Bc8 Bc2 35. Ke3 Be4 36. Ba6 Bc6 37. Kd4 Bd7 38. Bb7 Kc7 39. Bd5 Kd6 40. Bg8 Bc6 41. Bh7 Bd7 42. Bg6 Bc8 43. Be8 Ba6 44. a3 Ke7 45. Bg6 Bc8 1-0

[Event "Stockholm Elo Challenge"]
[Site "Stockholm"]
[Date "2019.06.01"]
[Round "6"]
[White "Bergqvist, Gustav"]
[Black "Tran, Alva Ling"]
[Result "1-0"]
[WhiteElo "1751"]
[BlackElo "1616"]
[PlyCount "37"]
[EventDate "2019.05.29"]
[EventType "swiss"]
[EventRounds "7"]
[EventCountry "SWE"]
[SourceTitle "CBM 190 Extra"]
[Source "ChessBase"]
[SourceDate "2019.07.15"]
[SourceVersion "1"]
[SourceVersionDate "2019.07.15"]
[SourceQuality "1"]

1. d4 d5 2. Nf3 Nf6 3. e3 c6 4. b3 Bf5 5. Bd3 Bg6 6. Bb2 Nbd7 7. 0-0 e6 8. Nbd2 Bd6 9. Ne5 0-0 10. f4 c5 11. Ndf3 Rc8 12. Ng5 Bxd3 13. cxd3 cxd4 14. Bxd4 Bc5 15. Nxd7 Qxd7 16. Bxf6 Bxe3+ 17. Kh1 h6 18. Qg4 g6 19. Qh3 1-0

[Event "Nordic Chess-ch U13"]
[Site "Koge"]
[Date "2019.04.27"]
[Round "2"]
[White "Tran, Alva Ling"]
[Black "Helgadottir, Idunn"]
[Result "1-0"]
[WhiteElo "1550"]
[BlackElo "1137"]
[PlyCount "65"]
[EventDate "2019.04.26"]
[EventType "swiss"]
[EventRounds "5"]
[EventCountry "DEN"]
[SourceTitle "EXT 2021"]
[Source "ChessBase"]
[SourceDate "2020.10.23"]
[SourceVersion "1"]
[SourceVersionDate "2020.10.23"]
[SourceQuality "1"]

1. e4 d5 2. exd5 Nf6 3. Nc3 Nxd5 4. d4 Nc6 5. Nf3 e6 6. Bb5 Bb4 7. Bd2 0-0 8. 0-0 Qf6 9. Bxc6 Bxc3 10. Bxb7 Bxb2 11. Bxa8 Bxa1 12. Bxd5 exd5 13. Qxa1 Bg4 14. Ne5 Bf5 15. Re1 Re8 16. Qc3 Qh4 17. Qc6 Qe7 18. Nd3 Bd7 19. Rxe7 Bxc6 20. Rxe8+ Bxe8 21. Bf4 c6 22. Bb8 a6 23. Nc5 Kf8 24. Bd6+ Kg8 25. Nxa6 f5 26. a4 c5 27. Nxc5 g5 28. f4 g4 29. Kf2 h5 30. a5 Bc6 31. a6 Kf7 32. a7 Ke8 33. Kg3 1-0